|
|
|
|
| LEADER |
00000nam0a2200000 4500 |
| 001 |
263879 |
| 005 |
20231101233759.0 |
| 010 |
|
|
|a 5211000919
|
| 020 |
|
|
|a RU
|b 88-58857
|
| 035 |
|
|
|a (RuTPU)RU\TPU\book\286870
|
| 090 |
|
|
|a 263879
|
| 100 |
|
|
|a 20140611d1988 k a0rusy5003 ca
|
| 101 |
0 |
|
|a rus
|
| 102 |
|
|
|a RU
|
| 105 |
|
|
|a a z 001zy
|
| 200 |
1 |
|
|a Математическая обработка и интерпретация физического эксперимента
|f В. К. Гришин, Ф. А. Живописцев, В. А. Иванов
|
| 210 |
|
|
|a Москва
|c Изд-во МГУ
|d 1988
|
| 215 |
|
|
|a 318 с.
|c ил.
|
| 606 |
1 |
|
|a Ядерные исследования
|x Обработка результатов
|2 stltpush
|3 (RuTPU)RU\TPU\subj\21607
|9 46566
|
| 610 |
1 |
|
|a статистические методы
|
| 610 |
1 |
|
|a физический эксперимент
|
| 610 |
1 |
|
|a интерпретация
|
| 610 |
1 |
|
|a функции случайных величин
|
| 610 |
1 |
|
|a выборочный метод
|
| 610 |
1 |
|
|a регрессионный анализ
|
| 610 |
1 |
|
|a эксперименты
|
| 610 |
1 |
|
|a планирование
|
| 610 |
1 |
|
|a обработка
|
| 610 |
1 |
|
|a результаты
|
| 675 |
|
|
|a 539.1:51
|z rus
|
| 700 |
|
1 |
|a Гришин
|b В. К.
|g Владислав Константинович
|4 070
|
| 701 |
|
1 |
|a Живописцев
|b Ф. А.
|
| 701 |
|
1 |
|a Иванов
|b В. А.
|
| 801 |
|
0 |
|a RU
|b RuMRKP
|c 19950417
|g psbo
|
| 801 |
|
1 |
|a RU
|b 63413507
|c 20140611
|
| 801 |
|
2 |
|a RU
|b 63413507
|c 20200827
|g RCR
|
| 942 |
|
|
|c BK
|